Sobre las épocas de la historia moderna / (Record no. 124061)

MARC details
000 -LEADER
campo de control de longitud fija 00779nam a2200217 i 4500
001 - NÚMERO DE CONTROL
campo de control 124061
003 - IDENTIFICADOR DE NÚMERO DE CONTROL
campo de control ES-MaACL
005 - FECHA Y HORA DE LA ÚLTIMA TRANSACCIÓN
campo de control 20230906192318.0
007 - CAMPO FIJO DE DESCRIPCIÓN FÍSICA--INFORMACIÓN GENERAL
campo de control de longitud fija t|
008 - DATOS DE LONGITUD FIJA--INFORMACIÓN GENERAL
campo de control de longitud fija 070214s1984 sp r ||||1| spa d
100 1# - ENTRADA PRINCIPAL--NOMBRE DE PERSONA
Nombre de persona Ranke, Leopold von.
9 (RLIN) 95425
245 10 - MENCIÓN DEL TÍTULO
Título Sobre las épocas de la historia moderna /
Mención de responsabilidad, etc. Leopold von Ranke ; edición preparada por Dalmacio Negro Pavón.
260 ## - PUBLICACIÓN, DISTRIBUCIÓN, ETC.
Lugar de publicación, distribución, etc. Madrid :
Nombre del editor, distribuidor, etc. Editora Nacional,
Fecha de publicación, distribución, etc. 1984.
300 ## - DESCRIPCIÓN FÍSICA
Extensión 346 p. ;
Dimensiones 21 cm.
490 1# - MENCIÓN DE SERIE
Mención de serie Clásicos para una biblioteca contemporánea. Pensamiento ;
Designación de volumen o secuencia 38
651 ## - PUNTO DE ACCESO ADICIONAL DE MATERIA--NOMBRE GEOGRÁFICO
Nombre geográfico Europa-
Subdivisión general Historia.
9 (RLIN) 8599
700 1# - ENTRADA AGREGADA--NOMBRE PERSONAL
Nombre de persona Negro Pavón, Dalmacio.
9 (RLIN) 85316
830 0# - PUNTO DE ACCESO ADICIONAL DE SERIE-TÍTULO UNIFORME
Título uniforme Clásicos para una biblioteca contemporánea. Pensamiento ;
Designación de volumen o secuencia 38
9 (RLIN) 183674
852 ## - LOCALIZACIÓN
Ubicación ES-MaACL
Número de control de estantería L-6568
Sublocalización o colección R.107209
Holdings
Estatus retirado Estado de pérdida Estado de daño No para préstamo Biblioteca de origen Biblioteca actual Ubicación en estantería Fecha de adquisición Fuente de adquisición Total de préstamos Signatura topográfica completa Código de barras Visto por última vez Precio de reemplazo Tipo de ítem Koha
        Biblioteca del Ateneo de Madrid Biblioteca del Ateneo de Madrid Depósito 2 17/01/2008     L-6568 1129249 23/02/2023 23/02/2023 Libro impreso